[Event "DOM-ch"]
[Site "Santo Domingo"]
[Date "2017.04.28"]
[Round "5"]
[White "Tolentino Mercedes, Argenis Johann"]
[Black "Diaz Vicente, Huascar Jael"]
[Result "1/2-1/2"]
[WhiteElo "1832"]
[BlackElo "1830"]
[PlyCount "70"]
[EventDate "2017.04.21"]
[EventType "swiss"]
[EventRounds "11"]
[EventCountry "DOM"]
[SourceTitle "CBM 178 Extra"]
[Source "ChessBase"]
[SourceDate "2017.06.22"]
[SourceVersion "1"]
[SourceVersionDate "2017.06.22"]
[SourceQuality "1"]

1. e4 d5 2. exd5 Qxd5 3. Nc3 Qd8 4. d4 Nf6 5. Bg5 Nbd7 6. Nf3 b6 7. Bb5 Bb7 8. d5 Nxd5 9. Ne5 c6 10. Nxc6 Bxc6 11. Bxc6 Nxc3 12. bxc3 Rc8 13. Ba4 Qc7 14. c4 Qe5+ 15. Be3 Qc3+ 16. Qd2 Qxd2+ 17. Kxd2 Rxc4 18. Bb5 Rc7 19. Rhd1 f6 20. Kc1 e6 21. a4 Bb4 22. Rd3 Ke7 23. f4 Rhc8 24. c4 Nb8 25. Kb2 Bc5 26. Bxc5+ bxc5 27. a5 a6 28. Ba4 Rd8 29. Rad1 Rxd3 30. Rxd3 Nc6 31. Bxc6 Rxc6 32. Rb3 Kd7 33. Rb7+ Rc7 34. Rb6 Rc6 35. Rb7+ Rc7 1/2-1/2